| 000 | 00654nam a22002417a 4500 | ||
|---|---|---|---|
| 005 | 20220126144308.0 | ||
| 008 | 150302b xxu||||| |||| 00| 0 ES d | ||
| 020 | _a9781471512605 | ||
| 041 | _aInglés | ||
| 082 | _a428.3E242m | ||
| 100 |
_aEvans, Virginia _92969 |
||
| 245 | _aManagement II | ||
| 260 |
_aEstados Unidos _bExpress Publishing _c2013 |
||
| 300 | _a39 páginas | ||
| 505 | _aContiene disco compacto N° 684 | ||
| 650 |
_aINGLES - ENSEÑANZA _91244 |
||
| 650 |
_aMANAGEMENT _92985 |
||
| 650 |
_aADMINISTRACIÓN DE EMPRESAS _9521 |
||
| 650 |
_aADMINISTRADOR _92986 |
||
| 650 |
_aMERCADEO _9270 |
||
| 650 |
_aVENTAS _9635 |
||
| 942 | _cBK | ||
| 999 |
_c3755 _d3755 |
||